تاريخ الخليج العربى الحديث والمعاصر / (Record no. 60045)
[ view plain ]
| 000 -الفاتح | |
|---|---|
| حقل البيانات ثابتة الطول | 02828nam a22004697a 4500 |
| 005 - وقت وتاريخ اخر تعامل مع التسجيلة | |
| رقم الضبط | 20240530110350.0 |
| 008 - عناصر البيانات ثابتة الطول - معلومات عامة | |
| حقل البيانات ثابتة الطول | 141217s2001 ua g 000 0 ara d |
| 020 ## - الرقم الدولى المعيارى للكتب | |
| الرقم الدولى المعيارى للكتاب | 9771008196 |
| 040 ## - مصدر الفهرسة | |
| وكالة الفهرسة الأصلية | EG-CaGPL |
| 041 0# - رمز اللغة | |
| رمز لغة النص/ المسارات الصوتية أو العنوان الانفرادي | ara |
| 082 04 - رقم تصنيف ديوى العشرى | |
| رقم الطبعة | 21 |
| رقم التصنيف | 953\ |
| رقم المادة | ج ت |
| 100 0# - المدخل الرئيسى - إسم شخصى | |
| الإسم الشخصى | جمال زكريا قاسم |
| 245 10 - بيان العنوان | |
| العنوان | تاريخ الخليج العربى الحديث والمعاصر / |
| بيان المسئوليه,etc | تاليف جمال زكريا قاسم |
| رقم الجزء/قسم العمل | المجلد الاول : |
| اسم جزء/قسم العمل | امارات الخليج العربية فى عصر التوسع الاوروبى الاول ، |
| رقم الجزء/قسم العمل | المجلد الثانى : |
| اسم جزء/قسم العمل | تطور النفوذ البريطانى فى امارات الخليج العربية والمنافسات الاقليمية والدولية ، |
| رقم الجزء/قسم العمل | المجلد الثالث : |
| اسم جزء/قسم العمل | الاوضاع الداخلية فى امارات الخليج العربية وعلاقات الجوار ، |
| رقم الجزء/قسم العمل | المجلد الرابع : |
| اسم جزء/قسم العمل | تطور الاوضاع السياسية و الاقتصادية لامارات الخليج العربية ووصولها الى الاستقلال ، |
| رقم الجزء/قسم العمل | المجلد الخامس : |
| اسم جزء/قسم العمل | دول الخليج العربية فى مرحلة ما بعد الاستقلال من الانسحاب البريطانى الى غزو و تحرير الكويت . |
| 250 ## - بيان الطبعة | |
| بيان الطبعة | ط 1 |
| 260 ## - PUBLICATION, DISTRIBUTION, ETC. (IMPRINT) | |
| تاريخ النشر أو التوزيع | 2001 |
| 300 ## - الوصف المادى | |
| التعداد | 5 مج ؛ |
| أبعاد الوعاء | 24 سم |
| 650 04 - المدخل الاضافى بالموضوع-مصطلح موضوعى | |
| مصطلح موضوعي | الحرب العراقية الايرانية |
| 650 04 - المدخل الاضافى بالموضوع-مصطلح موضوعى | |
| مصطلح موضوعي | حملة الاحساء 1871 |
| 650 04 - المدخل الاضافى بالموضوع-مصطلح موضوعى | |
| مصطلح موضوعي | ازمة البوريمى |
| 651 04 - المدخل الاضافى بالموضوع - اسم جغرافى | |
| الاسم الجغرافي | الخليج العربى |
| التقسيم الفرعي العام | الاحوال السياسية |
| 651 04 - المدخل الاضافى بالموضوع - اسم جغرافى | |
| الاسم الجغرافي | الامارات العربية المتحدة |
| 651 04 - المدخل الاضافى بالموضوع - اسم جغرافى | |
| الاسم الجغرافي | الخليج العربى |
| التقسيم الفرعي العام | الحرب الباردة |
| 651 04 - المدخل الاضافى بالموضوع - اسم جغرافى | |
| الاسم الجغرافي | عمان |
| التقسيم الفرعي العام | العلاقات الخارجية |
| 651 04 - المدخل الاضافى بالموضوع - اسم جغرافى | |
| الاسم الجغرافي | مسقط |
| التقسيم الفرعي العام | الاحوال السياسية |
| 651 04 - المدخل الاضافى بالموضوع - اسم جغرافى | |
| الاسم الجغرافي | مسقط |
| التقسيم الفرعي العام | الاحوال الاقتصادية |
| 651 04 - المدخل الاضافى بالموضوع - اسم جغرافى | |
| الاسم الجغرافي | قطر |
| التقسيم الفرعي العام | الاحوال السياسية |
| 651 04 - المدخل الاضافى بالموضوع - اسم جغرافى | |
| الاسم الجغرافي | البحرين |
| التقسيم الفرعي العام | العلاقات الخارجية |
| 651 04 - المدخل الاضافى بالموضوع - اسم جغرافى | |
| الاسم الجغرافي | الكويت |
| التقسيم الفرعي العام | العلاقات الخارجية |
| التقسيم الفرعي الجغرافي | العراق |
| 651 04 - المدخل الاضافى بالموضوع - اسم جغرافى | |
| الاسم الجغرافي | الكويت |
| التقسيم الفرعي العام | العلاقات الخارجية |
| التقسيم الفرعي الجغرافي | السعودية |
| 651 04 - المدخل الاضافى بالموضوع - اسم جغرافى | |
| الاسم الجغرافي | الكويت |
| التقسيم الفرعي العام | العلاقات الخارجية |
| 651 04 - المدخل الاضافى بالموضوع - اسم جغرافى | |
| الاسم الجغرافي | مسقط |
| التقسيم الفرعي العام | تاريخ |
| 651 04 - المدخل الاضافى بالموضوع - اسم جغرافى | |
| الاسم الجغرافي | نجد |
| التقسيم الفرعي العام | تاريخ |
| 651 04 - المدخل الاضافى بالموضوع - اسم جغرافى | |
| الاسم الجغرافي | مصر |
| التقسيم الفرعي العام | العلاقات الخارجية |
| التقسيم الفرعي الجغرافي | الخليج العربى |
| 651 04 - المدخل الاضافى بالموضوع - اسم جغرافى | |
| الاسم الجغرافي | البحرين |
| التقسيم الفرعي العام | العلاقات البريطانية الفارسية |
| 651 04 - المدخل الاضافى بالموضوع - اسم جغرافى | |
| الاسم الجغرافي | قطر |
| التقسيم الفرعي العام | تاريخ |
| 651 04 - المدخل الاضافى بالموضوع - اسم جغرافى | |
| الاسم الجغرافي | البحرين |
| التقسيم الفرعي العام | تاريخ |
| 651 04 - المدخل الاضافى بالموضوع - اسم جغرافى | |
| الاسم الجغرافي | الكويت |
| التقسيم الفرعي العام | تاريخ |
| 651 04 - المدخل الاضافى بالموضوع - اسم جغرافى | |
| الاسم الجغرافي | عمان |
| التقسيم الفرعي العام | العلاقات الخارجية |
| التقسيم الفرعي الجغرافي | شرق افريقيا |
| 651 04 - المدخل الاضافى بالموضوع - اسم جغرافى | |
| الاسم الجغرافي | عمان |
| التقسيم الفرعي العام | الاحوال السياسية |
| 942 ## - عناصر المدخل الإضافي( كوها) | |
| مصدر التصنيف او مخطط الترفيف | Dewey Decimal Classification |
| Koha [default] item type | كتاب |
| 260 ## - PUBLICATION, DISTRIBUTION, ETC. (IMPRINT) | |
| -- | القاهرة : |
| -- | دار الفكر العربى ، |
| حالة التراجع | حالة الفقد | حالة تلف | ليس للاعارة | المكان المؤقت | الموقع الحالى | تاريخ الاكتساب | اجمالي اﻻعارات | رقم الطلب | الباركود | تاريخ اخر مشاهدة | تاريخ تفعيل السعر | نوع وعاء كوها |
|---|---|---|---|---|---|---|---|---|---|---|---|---|
| مكتبة القاهرة الكبرى | مكتبة القاهرة الكبرى | 12/17/2014 | 953\ ج ت | 159025 | 12/17/2014 | 12/17/2014 | كتاب | |||||
| مكتبة القاهرة الكبرى | مكتبة القاهرة الكبرى | 12/17/2014 | 953\ ج ت | 159026 | 12/17/2014 | 12/17/2014 | كتاب | |||||
| مكتبة القاهرة الكبرى | مكتبة القاهرة الكبرى | 12/17/2014 | 953\ ج ت | 159027 | 12/17/2014 | 12/17/2014 | كتاب | |||||
| مكتبة القاهرة الكبرى | مكتبة القاهرة الكبرى | 12/17/2014 | 953\ ج ت | 159028 | 12/17/2014 | 12/17/2014 | كتاب | |||||
| مكتبة القاهرة الكبرى | مكتبة القاهرة الكبرى | 12/17/2014 | 953\ ج ت | 159029 | 12/17/2014 | 12/17/2014 | كتاب |

